The Cambridge Encyclopedia of Earth Sciences (Record no. 51534)
[ view plain ]
| 000 -LEADER | |
|---|---|
| fixed length control field | 00310nam a22001337a 4500 |
| 008 - FIXED-LENGTH DATA ELEMENTS--GENERAL INFORMATION | |
| fixed length control field | 181101b xxu||||| |||| 00| 0 eng d |
| 020 ## - INTERNATIONAL STANDARD BOOK NUMBER | |
| International Standard Book Number | 0517543702 |
| 041 ## - LANGUAGE CODE | |
| Language code of text/sound track or separate title | eng |
| 080 ## - UNIVERSAL DECIMAL CLASSIFICATION NUMBER | |
| Universal Decimal Classification number | 574 |
| 100 ## - Rafti | |
| Rafti | 9 |
| 101 ## - Shkurtesa | |
| Shkurtesa | MJE |
| 245 ## - TITLE STATEMENT | |
| Title | The Cambridge Encyclopedia of Earth Sciences |
| Statement of responsibility, etc | Smith, S.G |
| 942 ## - ADDED ENTRY ELEMENTS (KOHA) | |
| Source of classification or shelving scheme | |
| Item type | Books |
| Withdrawn status | Lost status | Source of classification or shelving scheme | Damaged status | Not for loan | Collection code | Permanent location | Current location | Shelving location | Date acquired | Total Checkouts | Full call number | Barcode | Date last seen | Price effective from | Koha item type |
|---|---|---|---|---|---|---|---|---|---|---|---|---|---|---|---|
| Koleksioni i përgjithshem | UBT - Lipjan | UBT - Lipjan | Koleksioni i përgjithshem | 11/01/2018 | 574 SMI | 002-3017540 | 11/01/2018 | 11/01/2018 | Books | ||||||
| Koleksioni i përgjithshem | UBT - Lipjan | UBT - Lipjan | Koleksioni i përgjithshem | 03/11/2021 | 574 SMI | 002-7002100 | 03/11/2021 | 03/11/2021 | Books |